| 000 | 00834nam a2200253 a 4500 | ||
|---|---|---|---|
| 001 | 000044185 | ||
| 003 | DO-SdBNP | ||
| 005 | 20240302073953.0 | ||
| 007 | ta | ||
| 008 | 140605s2008 dr 000 0 spa d | ||
| 040 |
_aDO-SdBNP _bspa _cBNPHU |
||
| 082 | 4 |
_bR789a _222 |
|
| 100 | 1 |
_aRosario Candelier, Bruno, _d1941- _9851 |
|
| 245 | 1 | 3 |
_aEl ánfora del lenguaje : _btemas y estudios lexicográficos / _cBruno Rosario Candelier. |
| 260 |
_aSanto Domingo : _bAcademia Dominicana de la Lengua, _c2008. |
||
| 300 |
_a357 p. ; _c23 cm. |
||
| 490 | 1 |
_aPor las amenas liras ; _v4 |
|
| 500 | _aIncluye datos biográficos del autor | ||
| 590 | _aInventariado, 2020/ YL | ||
| 590 | _aLa biblioteca posee un ejemplar autográfiado por el autor | ||
| 830 | 0 |
_aPor las amenas libras _n4 _977274 |
|
| 910 | _aYLockward | ||
| 942 |
_2ddc _cLBS1 |
||
| 999 |
_c43674 _d43674 |
||